000 00532nam a2200217Ia 4500
003 OSt
005 20220924143523.0
006 a|||||r|||| 00| 0
007 ta
008 220923b |||||||| |||| 00| 0 urd d
024 _a308693
037 _cTextual
040 _aARTS
_cARTS
_burd
041 _2urd
_aurd
082 _aO15,1F75,1, 168C9
245 0 _aIshq Raja Nil was Rani Daman
260 _c1899
650 _aURDU LITERATURE
942 _hO15,1F75,1, 168C9
_cTEXL
_2CC
999 _c454795
_d454795